Legislación bancaria
שמור ב:
| מחבר ראשי: | |
|---|---|
| פורמט: | ספר |
| שפה: | ספרדית |
| יצא לאור: |
Santiago
Jurídica de Chile
2002
|
| מהדורה: | 4a. ed |
| נושאים: | |
| תגים: |
הוספת תג
אין תגיות, היה/י הראשונ/ה לתייג את הרשומה!
|
MARC
| LEADER | 00000nam a2200000 a 4500 | ||
|---|---|---|---|
| 001 | UCM2390 | ||
| 003 | CL-VaPUC | ||
| 008 | 020510e20020200CL |||||||||||||||||spa|d | ||
| 082 | 0 | 4 | |a 346.83082 |b MOR |2 21 |
| 100 | |a Morand Valdivieso, Luis |e autor |9 565769 | ||
| 245 | 1 | 0 | |a Legislación bancaria |
| 250 | |a 4a. ed | ||
| 300 | |a 260 p | ||
| 942 | |c BK | ||
| 945 | |d 20020510 00:00:00 |a vberengu | ||
| 260 | |a Santiago |b Jurídica de Chile |c 2002 | ||
| 650 | 0 | |a Bancos |9 254963 | |
| 650 | 0 | |a Operaciones bancarias |9 337857 | |
| 650 | 7 | |a INSTITUCIONES FINANCIERAS |2 CL-VaPUC |9 257940 | |
| 650 | 7 | |a LEGISLACION BANCARIA |2 CL-VaPUC |9 403351 | |
| 651 | 7 | |a CHILE |2 CL-VaPUC |9 469120 | |
| 583 | |a last modification |c 20020510 00:00:00 |k Rodrigo Vera | ||
| 999 | |c 300239 |d 300237 | ||
| 952 | |0 0 |1 0 |4 0 |6 346_830820000000000_MOR_2002 |7 0 |8 A |9 357755 |a BIBDER |b BIBDER |d 2019-11-21 |i 3813355 |o 346.83082 MOR 2002 |p 3813355 |r 2023-01-25 |w 2019-11-21 |y BK |k DER | ||